000 01048nac a22002891u 4500
003 EG-ScBUE
005 20250126093057.0
008 250126t2004 cauac f 001 0 eng d
020 _a0321243293 (pbk.)
020 _a9780321243294
040 _aEG-ScBUE
_beng
_erda
_cEG-ScBUE
_dEG-ScBUE
082 0 4 _a530
_bKNI
_222
100 1 _aKnight, Randall Dewey,
_eauthor.
245 1 0 _aPhysics for scientists and engineers with modern physics :
_ba strategic approach /
_cRandall D. Knight, California Polytechnic State University.
250 _aInternational edition.
264 1 _aSan Francisco, CA :
_bPearson Education, Inc.,
_c[2004]
264 4 _cc2004
300 _a1 volume (various pagings) :
_billustrations (some color), portraits (some color) ;
_c28 cm
336 _2rdacontent
_atext
_btxt
337 _aunmediated
_2rdamedia
_bn
338 _avolume
_bnc
_2rdacarrier
500 _aIncludes index.
650 7 _aPhysics.
_2BUEsh
650 7 _aPhysics
_vProblems, exercises, etc.
_2BUEsh
655 _vReading book
942 _cBB
_2ddc
999 _c1368
_d1368